000 00233nam a22000857a 4500
008 160928b xxu||||| |||| 00| 0 eng d
100 _9792
_aChatterjee.A.K
245 _aWork book Mariegold-II
260 _aNew Delhi
_bNCERT Publications
_c2010
999 _c3446
_d3446